Matematičeskije modeli i metody optimizacii v planirovanii i upravlenii regional'nymi vodochozjajstvennymi sistemami
Guardado en:
| Autor principal: | |
|---|---|
| Formato: | Libro |
| Lenguaje: | ruso |
| Publicado: |
Moskva
Meždunarodnyj naučno-issledovatel'skij institut problem upravlenija
1982
|
| Etiquetas: |
Sin Etiquetas, Sea el primero en etiquetar este registro!
|
MARC
| LEADER | 00000nam a2200000 4500 | ||
|---|---|---|---|
| 001 | c129409 | ||
| 005 | 20041019155246.2 | ||
| 041 | 0 | |a rus | |
| 044 | |a RU | ||
| 245 | 1 | 0 | |a Matematičeskije modeli i metody optimizacii v planirovanii i upravlenii regional'nymi vodochozjajstvennymi sistemami |c Janoš Pinter |
| 264 | 1 | |a Moskva |b Meždunarodnyj naučno-issledovatel'skij institut problem upravlenija |c 1982 | |
| 300 | |a 103 s. | ||
| 100 | 1 | |a Pinter, Janoš | |